Críticas a la política estadounidense hacia Centroamérica /
Αποθηκεύτηκε σε:
| Κύριος συγγραφέας: | |
|---|---|
| Μορφή: | Κείμενο |
| Γλώσσα: | Spanish |
| Ετικέτες: |
Προσθήκη ετικέτας
Δεν υπάρχουν, Καταχωρήστε ετικέτα πρώτοι!
|
MARC
| LEADER | 00000 a a2200000 04500 | ||
|---|---|---|---|
| 001 | 12740 | ||
| 003 | cru CIDCACS/IIS | ||
| 005 | 20230306111449.0 | ||
| 008 | 230306b |||||||| |||| 00| 0 spa d | ||
| 040 | |c cru CIDCACS/IIS | ||
| 100 | 1 | |a Moreno, Darío | |
| 245 | 1 | |a Críticas a la política estadounidense hacia Centroamérica / |c Darío Moreno | |
| 500 | |a Colección Centroamérica | ||
| 773 | |g número 17; páginas 28-34 | ||
| 773 | 0 | |0 43288 |9 8223 |a Instituto Centroamericano de Documentación e Investigaciones Sociales, ICADIS |d San José, Costa Rica: ICADIS, 1981- |o 22510 |t Polémica/ | |
| 942 | |2 ddc |c PP | ||
| 999 | |c 37236 |d 37236 | ||
